Statystyki dla Prawda czy fałsz?

Kliknij tutaj aby rozwiązać quiz!

Ogólne statystyki

  • Ten quiz został rozwiązany 482 razy
    (418 od ostatniego zresetowania)
  • Średni wynik to 14 z 22

Statystyki odpowiedzi

ZagadnienieOdpowiedź% Poprawnych
Czy po zmieszaniu żółtego i niebieskiego powstanie nam zielony?Prawda
92%
Przyrząd kosmetyczny służący do podkręcania rzęs to lokówka?Fałsz
83%
Czy Azerbejdżan leży w Europie?Fałsz
82%
Czy w Szwajcarii mówi się po szwajcarsku?Fałsz
80%
Największym eksporterem kawy na świecie jest Brazylia?Prawda
74%
Czy Ameryka Południowa jest drugim największym kontynentem na świecie?Fałsz
73%
a2+b2=c2 to wzór na twierdzenie Talesa?Fałsz
72%
Czy diament to czysty węgiel?Prawda
68%
Czy Damaszek znajduje się w Iraku?Fałsz
67%
Czy Kozacy dońscy żyją na terenach Ukrainy?Prawda
62%
Czy Norwegia ma króla?Prawda
62%
Czy imperium Rosyjskie było większe od Imperium mongolskiego?Fałsz
61%
Pierwszym królem elekcyjnym Polski był Henryk Walezy?Prawda
61%
Kobiety otrzymały prawa wyborcze najszybciej w Nowej Zelandii?Prawda
61%
Czy Ukraina to największe państwo Europy? (nie wliczając Rosji)Prawda
60%
Czy Nikola Tesla był narodowości Serbskiej?Prawda
58%
Czy Ateny zostały zrównane z ziemią i posypane solą przez Rzymian?Fałsz
56%
Podczas drugiego rozbioru Polski brało udział trzy państwa?Fałsz
51%
Czy epidemia która panowała po pierwszej wojnie światowej była nazwana czarną śmiercią?Fałsz
51%
Czy Niemcy otworzyli pierwszy obóz w Talerhof?Fałsz
48%
Zestaw czterech podstawowych kolorów farb drukarskich to RGB?Fałsz
45%
Drugi najpopularniejszy sport na świecie to krykiet?Prawda
27%

Rozkład punktacji

Percentyl według liczby udzielonych odpowiedzi

Procent ludzi z każdym wynikiem

Twoja historia wyników

Nie rozwiązałeś tego quizu od ostatniego zresetowania